| 000 | 00633nam a22002057a 4500 | ||
|---|---|---|---|
| 008 | 110502s2009 nyu|||||r|||| 001 0 eng d | ||
| 020 | _a0071549706 | ||
| 020 | _a9780071549707 | ||
| 082 |
_222 _a615.11 _bNUR |
||
| 245 |
_aNurse's Pocket Drug Guide 2009 / _cEditor Judith A Barberio |
||
| 260 |
_aNew York : _bMcGraw-Hill Medical, 2009. _c2009 |
||
| 300 |
_a300 p. : _bill. ; _c13 cm. |
||
| 500 | _aIncludes index. | ||
| 650 |
_92650 _aDrugs _xAdministration. |
||
| 650 |
_923524 _aDrugs _xSide effects. |
||
| 650 |
_923526 _aPharmacopoeias |
||
| 653 |
_bNUR _cApril2011 |
||
| 700 |
_923525 _aBarberio, Judith A. |
||
| 942 |
_2ddc _cNRB |
||
| 999 |
_c15228 _d15228 |
||